[Event "Coria del Rio op 8th"]
[Site "Coria del Rio"]
[Date "2002.02.21"]
[Round "8"]
[White "Pena Dieguez, Manuel"]
[Black "Martinez Fernandez, M Angeles"]
[Result "1-0"]
[WhiteElo "2077"]
[BlackElo "2046"]
[PlyCount "53"]
[EventDate "2002.02.13"]
[EventType "swiss"]
[EventRounds "9"]
[EventCountry "ESP"]
[SourceTitle "CBM 086 Extra"]
[Source "ChessBase"]
[SourceDate "2002.03.14"]
[SourceVersion "1"]
[SourceVersionDate "2002.03.14"]
[SourceQuality "1"]

1. b3 Nf6 2. Bb2 b6 3. d3 Bb7 4. e4 d6 5. f4 e6 6. Nd2 Be7 7. Qe2 0-0 8. g4 d5 9. Bg2 c5 10. g5 Ne8 11. h4 f5 12. exf5 exf5 13. h5 Qd7 14. h6 Bd6 15. hxg7 Nxg7 16. 0-0-0 Bxf4 17. Nh3 Bxd2+ 18. Qxd2 d4 19. Bxb7 Qxb7 20. g6 h5 21. Qh6 Ne6 22. Ng5 Nxg5 23. Qxg5 Qf3 24. Rxh5 Re8 25. Qf6 Qxh5 26. Qf7+ Kh8 27. g7+ 1-0